100 srpskih trenera i selektora - Statistics

General Stats
  • This quiz has been taken 13 times
  • The average score is 45 of 100
Answer Stats
Picture Hint Answer % Correct
1977-2024 Dejan Milojević
92%
1978 Dejan Stanković
92%
1965 Dragan Stojković
92%
1970 Vladan Milojević
92%
1967 Aleksandar Đorđević
83%
1924-2000 Aleksandar Nikolić
83%
1966 Bogdan Obradović
83%
1925-2020 Borislav Stanković
83%
1921-2002 Branko Stanković
83%
1975 Dejan Savić
83%
1986 Dušan Alimpijević
83%
1943-2021 Dušan Ivković
83%
1979 Marko Nikolić
83%
1956 Miroslav Nikolić
83%
1974 Mladen Krstajić
83%
1969 Saša Obradović
83%
1973 Savo Milošević
83%
1969-2022 Siniša Mihajlović
83%
1949 Svetislav Pešić
83%
1986 Viktor Troicki
83%
1967 Željko Obradović
83%
1959-2026 Duško Vujošević
75%
1947 Ljupko Petrović
75%
1981 Marina Maljković
75%
1977 Nenad Lalatović
75%
1977 Veljko Paunović
75%
1955 Vladimir Petrović
75%
1952 Božidar Maljković
67%
1953 Slavoljub Muslin
67%
1949 Zoran Slavnić
67%
1971 Aleksandar Džikić
58%
1910-1992 Aleksandar Tirnanić
58%
1944 Bora Milutinović
58%
1971 Igor Kokoškov
58%
1933-2003 Miloš Milutinović
58%
1976 Nenad Zimonjić
58%
1948-2020 Radomir Antić
58%
1966 Zoran Terzić
58%
1973 Aleksandar Stanojević
50%
1979 Darko Rajaković
50%
1971 Dragutin Topić
50%
1973 Milan Tomić
50%
1966 Miroslav Đukić
50%
1968 Slaviša Jokanović
50%
1982 Uroš Stevanović
50%
1973 Vlada Jovanović
50%
1977 Vladimir Ivić
50%
1972 Aleksandar Janković
42%
1968 Ljubinko Drulović
42%
1952 Ljubiša Tumbaković
42%
1973 Nikola Grbić
42%
1929-2015 Ranko Žeravica
42%
1948 Vlade Đurović
42%
1973 Vladimir Vujasinović
42%
1931-2014 Vujadin Boškov
42%
1952 Dragan Šakota
33%
1945-2020 Ilija Petković
33%
1930-2012 Miljan Miljanić
33%
1951-2026 Milorad Kosanović
33%
1954 Milovan Rajevac
33%
1971 Nenad Peruničić
33%
1972 Radovan Ćurčić
33%
1922-2008 Rajko Mitić
33%
1958 Zoran Gajić
33%
1970 Dejan Udovičić
25%
1952 Dragoljub Bekvalac
25%
1965 Igor Milanović
25%
1936-2013 Jelena Genčić
25%
1944-2021 Milan Živadinović
25%
1946-2016 Slobodan Santrač
25%
1958 Veselin Vuković
25%
1953 Zoran Filipović
25%
1970 Dejan Perić
17%
1948 Dragoslav Stepanović
17%
1948 Dušan Bajević
17%
1959 Jovica Cvetković
17%
1954 Ljubomir Travica
17%
1945 Milovan Đorić
17%
1958-2022 Miodrag Ješić
17%
1947 Nenad Bjeković
17%
1954-2014 Nenad Manojlović
17%
1981 Ognjen Stojaković
17%
1940 Radmilo Armenulić
17%
1967 Slobodan Kovač
17%
1970 Vladan Matić
17%
1941 Vladislav Lučić
17%
1958 Željko Lukajić
17%
1962 Darko Ruso
8%
1950 Ivan Golac
8%
1966 Jovica Antonić
8%
1906-1987 Milorad Arsenijević
8%
1923-2001 Nebojša Popović
8%
1935-2020 Vladica Popović
8%
1945 Zoran Živković
8%
1947-2019 Borislav Džaković
0%
1935-1995 Gojko Zec
0%
1941-2014 Ivica Brzić
0%
1949 Nikola Stamenić
0%
1955 Rajko Toroman
0%
1970 Sandra Kolaković
0%
No matching quizzes found
Score Distribution
Percent of People with Each Score
Percentile by Number Answered
Your Score History
You have not taken this quiz